| 000 | 01188nam a2200229Ia 4500 | ||
|---|---|---|---|
| 003 | Ost | ||
| 005 | 20260507075411.0 | ||
| 008 | 260507s9999||||xx |||||||||||||| ||und|| | ||
| 040 | _cfsecg | ||
| 041 | _aara | ||
| 082 | _a330 | ||
| 100 |
_aأبو زيد، كمال خليفة _eمؤلف |
||
| 245 | 0 |
_aدراسات في المراجعة الخارجية للقوائم المالية / _c كمال خليفة أبو زيد |
|
| 260 |
_aالإسكندرية: _bدار المطبوعات الجامعية, _c2008 |
||
| 300 |
_a486 صفحة؛ _bإيضاحات ؛ _c25 سم |
||
| 520 | _aيضم الإطار النظري للمراجعة الخارجية، معايير المراجعة الخارجية، في الإجراءات العامة للمراجعة، التطبيقات الحديثة في المراجعة، المراجعة في ظل الأنظمة التشغيل الإلكتروني للبيانات، حالات خاصة في المراجعة الخارجية | ||
| 653 | _aالمحاسبة | ||
| 653 | _aالمراجعة المالية | ||
| 653 | _aمراجعة الحسابات | ||
| 700 |
_aعيسى، سمير كامل _eمؤلف ثانوي |
||
| 942 | _cكتاب | ||
| 999 |
_c44392 _d44392 |
||